00242nam a22001097a 4500003000400000020002200004082001700026100002500043245002800068260002800096300000800124SGT a978-2-940411-39-9 a746.92bB11M aMCASSEY, JACQUELINE  aBASICS FASHION STYLING  aS.A. bAVA. PUB. c2011 a199